Statistics for Star Wars: The Phantom Menace Multiple Choice Trivia

Click here to take the quiz!

General Stats

  • This quiz has been taken 84 times
    (83 since last reset)
  • The average score is 12 of 20

Answer Stats

QuestionAnswer% Correct
What is Anakin's mother's name?Shmi
93%
What did the Jedi do to Qui-Gon's body?Burn it
88%
Who is Anakin Skywalker's slave master?Watto
85%
Who is Anakin's father?N/A
81%
What type of droid is R2-D2?Astromech droid
80%
What is the film score for the epic lightsaber battle between Maul, Obi-Wan, and Qui-Gon at the end of the movie?Duel of the Fates
77%
Which of these is NOT a racer in Anakin's podrace that won him freedom?Greedo
77%
What is the name that Darth Sidious is posing under?Sheev Palpatine
74%
What ship part is Qui-Gon Jinn searching for on Tatooine?Hyperdrive
69%
What is the name of the microscopic life forms that are inside all living things? (Quoted by Qui-Gon Jinn)Midi-chlorians
69%
What is Darth Maul's home planet?Dathomir
62%
Who is the brother of Darth Maul? (Not included in the film)Savage Opress
61%
How old is Anakin in the film?9
59%
What is the name of the Gungan city? (Or at least how the Gungans refer to it)Otoh Gungah
47%
What are the largest land vehicles deployed by the Trade Federation's droid army?MTTs
36%
Which of these characters is NOT on Tatooine during the main crew's time there?Senator Panaka
35%
Which one of these Jedi Masters is a member of the Jedi Council in The Phantom Menace?Yarael Poof
32%
What do the Gungans ride for combat in the Battle of Naboo?Kaadus
22%
Where was Tatooine filmed?Death Valley
18%
What are the single largest Trade Federation VEHICLES? (Not just land vehicles)Droid gunships
16%

Score Distribution

Percentile by Number Answered

Percent of People with Each Score

Your Score History

You have not taken this quiz since the last reset